| 000 | 00714nam a2200217Ia 4500 | ||
|---|---|---|---|
| 001 | 5377 | ||
| 003 | AR-BaAGN | ||
| 005 | 20231116141336.0 | ||
| 007 | ta | ||
| 008 | 211213s1943 ag |||||||||||||| ||spa d | ||
| 040 |
_dAR-BaAGN _aAR-BaAGN _bspa _eaacr |
||
| 100 | _aPagés Larraya, Antonio | ||
| 245 | 1 | 0 |
_aEl poeta Antonino Lamberti : _bcontribución al estudio del ambiente literario de su época _cAntonio Pagés Larraya |
| 260 |
_aBuenos Aires : _bImprenta de la Universidad, _c1943. |
||
| 300 | _a[68] páginas | ||
| 336 |
_2rdacontent _btxt |
||
| 337 |
_2rdamedia _bn |
||
| 338 |
_2rdacarrier _bnc |
||
| 490 |
_aInstituto de Literatura Argentina. Sección de crítica ; _vtomo II, 7, pp. 543-611 |
||
| 942 | _cLIBRO | ||
| 999 |
_c5377 _d5377 |
||